Statistics for Fortnite For Quizzes

Click here to take the quiz!

General Stats

  • This quiz has been taken 26 times
  • The average score is 6 of 7

Answer Stats

FortniteAnswer% Correct
How Many People In A Match100
100%
How Many Skin Rarity's4
100%
Types Of Rarity's5
100%
Biggest ClanFaze
86%
Other Way Of Spelling FazeFaZe
86%
What's The Other Name For A SpazPump
62%
Faze Jarvis BanAimbot
48%

Score Distribution

Percentile by Number Answered

Percent of People with Each Score

Your Score History

You have not taken this quiz